Countries with the Most Roadways (or Longest) - Statistics

General Stats
  • This quiz has been taken 55 times
  • The average score is 20 of 25
Answer Stats
Total KM Country % Correct
5,198,000 China
100%
1,529,373 Russia
98%
6,803,479 United States
98%
1,042,300 Canada
96%
1,053,215 France
96%
424,129 United Kingdom
96%
644,480 Germany
94%
683,175 Spain
91%
873,815 Australia
89%
2,000,000 Brazil
89%
6,371,847 India
89%
817,596 Mexico
89%
487,700 Italy
87%
1,218,772 Japan
85%
281,290 Argentina
83%
544,474 Indonesia
83%
438,633 Turkey
83%
263,775 Pakistan
77%
750,000 South Africa
74%
423,997 Poland
72%
573,134 Sweden
66%
702,577 Thailand
57%
570,448 Vietnam
57%
454,000 Finland
51%
369,105 Bangladesh
32%
No matching quizzes found
Score Distribution
Percent of People with Each Score
Percentile by Number Answered
Your Score History
You have not taken this quiz